[Event "Torneo de Otoño C.C.C. 2015"]
[Site "Colmenarejo ESP"]
[Date "2015.10.25"]
[Round "6.7"]
[White "Martin Andres, Carlos"]
[Black "Serrano Martinez, Francisco Jose"]
[Result "0-1"]
[WhiteElo "1437"]
[BlackElo "1880"]
[PlyCount "102"]
[EventDate "2015.09.20"]
[EventType "swiss"]
[EventRounds "7"]
[EventCountry "ESP"]
[Source "lmi"]
[SourceDate "2015.09.20"]

1. e4 c5 2. d4 cxd4 3. c3 d5 4. exd5 Qxd5 5. cxd4 Nc6 6. Nf3 e5 7. dxe5 Qxd1+
8. Kxd1 Bc5 9. Be3 Bxe3 10. fxe3 Nh6 11. Bb5 Bd7 12. h3 Nf5 13. Bxc6 Bxc6 14.
Re1 O-O 15. e4 Ng3 16. Nc3 Rfd8+ 17. Kc2 Rac8 18. Kb3 Rd3 19. Kb4 b6 20. Nd5
Bxd5 21. exd5 Rxd5 22. Rac1 Rdc5 23. Rxc5 Rxc5 24. Rd1 Kf8 25. Kb3 Ke7 26. Rd4
Ne2 27. Rg4 g6 28. Rh4 h5 29. Ra4 a5 30. g4 hxg4 31. Rxg4 Nc1+ 32. Ka3 Nd3 33.
Rg5 Rd5 34. Rg4 Nxe5 35. Nxe5 Rxe5 36. Rg3 b5 37. b4 a4 38. h4 Ke6 39. Rh3 Kd5
40. Rf3 f5 41. Rg3 Re6 42. Rg5 Ke4 43. Kb2 Ke5 44. h5 gxh5 45. Rxh5 Ke4 46. a3
Re5 47. Rh4+ f4 48. Kc2 Rd5 49. Kc3 Ke3 50. Rh2 Rd3+ 51. Kb2 Rd2+ 0-1

[Event "Torneo de Otoño C.C.C. 2015"]
[Site "Colmenarejo ESP"]
[Date "2015.10.25"]
[Round "6.8"]
[White "Firth, Roy Arthur"]
[Black "Olmedo Alvarez, Jesus"]
[Result "0-1"]
[WhiteElo "1437"]
[BlackElo "1598"]
[PlyCount "66"]
[EventDate "2015.09.20"]
[EventType "swiss"]
[EventRounds "7"]
[EventCountry "ESP"]
[Source "lmi"]
[SourceDate "2015.09.20"]

1. e4 e6 2. Nf3 d5 3. exd5 exd5 4. d4 Nf6 5. h3 a6 6. Bd3 Bd6 7. O-O O-O 8. Re1
c5 9. dxc5 Bxc5 10. Be3 b6 11. c3 Nc6 12. b4 Bd6 13. Nbd2 Ne5 14. Nb3 Nxd3 15.
Qxd3 Ne4 16. Rad1 Bb7 17. Nbd4 Rc8 18. Bd2 Qc7 19. Rc1 Nxd2 20. Nxd2 Rce8 21.
N2f3 Bc8 22. c4 Rxe1+ 23. Nxe1 Re8 24. b5 dxc4 25. Qc2 Qc5 26. Ndf3 axb5 27.
Ng5 Qxg5 28. Nf3 Qc5 29. Rd1 Bf5 30. Qd2 Bd3 31. Re1 Rxe1+ 32. Qxe1 Kf8 33. Qd2
Qb4 0-1

[Event "Torneo de Otoño C.C.C. 2015"]
[Site "Colmenarejo ESP"]
[Date "2015.10.29"]
[Round "7.1"]
[White "Fraga Suarez, Roberto"]
[Black "Lopez Perolio, Jorge"]
[Result "0-1"]
[WhiteElo "1828"]
[BlackElo "1886"]
[PlyCount "78"]
[EventDate "2015.09.20"]
[EventType "swiss"]
[EventRounds "7"]
[EventCountry "ESP"]
[Source "lmi"]
[SourceDate "2015.09.20"]

1. d4 d5 2. c4 c6 3. Nf3 Nf6 4. Nc3 e6 5. Bg5 Nbd7 6. e3 Qa5 7. Qb3 Ne4 8. Bf4
Bb4 9. Rc1 g5 10. Bg3 h5 11. cxd5 exd5 12. Bd3 h4 13. Bxe4 dxe4 14. Ne5 Bxc3+
15. Rxc3 Rf8 16. Nc4 Qd5 17. Nd6+ Kd8 18. Nxb7+ Bxb7 19. Qxb7 Rc8 20. Be5 f6
21. O-O fxe5 22. Rd1 Qb5 23. Qxa7 Qxb2 24. Qa5+ Ke8 25. Rf1 Qb6 26. Qa3 exd4
27. exd4 Qxd4 28. Rxc6 Rxc6 29. Qa8+ Nb8 30. Qxb8+ Ke7 31. Qb7+ Qd7 32. Qb4+
Ke8 33. Qxe4+ Qe6 34. Qb4 Kf7 35. Re1 Qd6 36. Qg4 Kg6 37. Qe4+ Kh6 38. g3 Qf6
39. Rf1 Qf3 0-1

[Event "Torneo de Otoño C.C.C. 2015"]
[Site "Colmenarejo ESP"]
[Date "2015.10.29"]
[Round "7.2"]
[White "Garcia Fernandez, Jose Luis"]
[Black "Melcon Diez, Enrique"]
[Result "0-1"]
[WhiteElo "1789"]
[BlackElo "1635"]
[PlyCount "56"]
[EventDate "2015.09.20"]
[EventType "swiss"]
[EventRounds "7"]
[EventCountry "ESP"]
[Source "lmi"]
[SourceDate "2015.09.20"]

1. e3 Nf6 2. f4 g6 3. Nf3 Bg7 4. d3 O-O 5. e4 d6 6. Nc3 c5 7. Be2 Nc6 8. O-O
Bd7 9. Qe1 Nd4 10. Nxd4 cxd4 11. Nd5 Nxd5 12. exd5 Rc8 13. Bd1 Rc5 14. g4 Rxd5
15. a4 Rc5 16. Qg3 Qa5 17. Rf2 Qe1+ 18. Rf1 Qxg3+ 19. hxg3 Rfc8 20. Re1 Kf8 21.
b3 Be6 22. Ba3 R5c7 23. Kf2 Bd5 24. Rb1 Rc6 25. Rb2 f6 26. b4 Rc3 27. Rb3 Bxb3
28. cxb3 Rxd3 0-1

[Event "Torneo de Otoño C.C.C. 2015"]
[Site "Colmenarejo ESP"]
[Date "2015.10.29"]
[Round "7.3"]
[White "Garcia Diaz, Alejandro"]
[Black "Laveda Ayllon, Jose David"]
[Result "1-0"]
[WhiteElo "1770"]
[BlackElo "1695"]
[PlyCount "72"]
[EventDate "2015.09.20"]
[EventType "swiss"]
[EventRounds "7"]
[EventCountry "ESP"]
[Source "lmi"]
[SourceDate "2015.09.20"]

1. e4 c5 2. Nf3 d6 3. d4 cxd4 4. Nxd4 Nf6 5. Nc3 a6 6. Bc4 e5 7. Nf3 Be6 8. Qe2
Nbd7 9. Bxe6 fxe6 10. Ng5 Qe7 11. Qc4 d5 12. exd5 Nb6 13. d6 Nxc4 14. dxe7 Kxe7
15. b3 Nd6 16. Ba3 h6 17. Nf3 Nd7 18. O-O-O Kf7 19. Bxd6 Bxd6 20. Rxd6 Rhd8 21.
Rxd7+ Rxd7 22. Nxe5+ Ke7 23. Nxd7 Kxd7 24. Rd1+ Kc6 25. Ne2 Rf8 26. f3 e5 27.
Nc3 b5 28. Ne4 g5 29. Rd6+ Kb7 30. Rxh6 g4 31. Rf6 Rg8 32. fxg4 Rxg4 33. Nc5+
Kc8 34. Rf2 a5 35. h3 Rh4 36. Re2 a4 1-0

[Event "Torneo de Otoño C.C.C. 2015"]
[Site "Colmenarejo ESP"]
[Date "2015.10.29"]
[Round "7.4"]
[White "Mataix Fernandez, Ricardo"]
[Black "Rodriguez Gomez, Jose"]
[Result "1-0"]
[WhiteElo "1749"]
[BlackElo "1650"]
[PlyCount "97"]
[EventDate "2015.09.20"]
[EventType "swiss"]
[EventRounds "7"]
[EventCountry "ESP"]
[Source "lmi"]
[SourceDate "2015.09.20"]

1. e4 e5 2. Nf3 Nc6 3. Bc4 Bc5 4. O-O Nf6 5. d4 d6 6. dxc5 dxc5 7. Qxd8+ Nxd8
8. Re1 Nc6 9. c3 O-O 10. Bg5 Nh5 11. Nbd2 h6 12. Bh4 a6 13. Rad1 Re8 14. Nf1
Na5 15. Bd3 Be6 16. Bb1 Nc6 17. Ne3 Nf4 18. Bg3 Ng6 19. Nd5 Rac8 20. Nh4 Nf8
21. Nf5 Ng6 22. f3 Na5 23. h4 h5 24. Bf2 b6 25. g4 Bxf5 26. exf5 Ne7 27. Nxe7+
Rxe7 28. g5 f6 29. b3 Nc6 30. Be4 Nd8 31. Bd5+ Kf8 32. g6 c6 33. Be4 Rec7 34.
b4 Nb7 35. bxc5 b5 36. Bd3 Rd7 37. Bc2 Re7 38. Rd2 a5 39. Red1 Ke8 40. Bb3 Nd8
41. a4 Rb7 42. axb5 cxb5 43. Bd5 Rbc7 44. c6 Rb8 45. Bc5 Rbc8 46. Bb6 Rxc6 47.
Bxd8 Rxc3 48. Bf7+ Kf8 49. Bxa5 1-0

[Event "Torneo de Otoño C.C.C. 2015"]
[Site "Colmenarejo ESP"]
[Date "2015.10.29"]
[Round "7.5"]
[White "Serrano Martinez, Francisco Jose"]
[Black "Dominguez Coig, Alvaro"]
[Result "1-0"]
[WhiteElo "1880"]
[BlackElo "1684"]
[PlyCount "43"]
[EventDate "2015.09.20"]
[EventType "swiss"]
[EventRounds "7"]
[EventCountry "ESP"]
[Source "lmi"]
[SourceDate "2015.09.20"]

1. e4 e5 2. Nf3 Nc6 3. d4 exd4 4. Bc4 Bb4+ 5. c3 dxc3 6. bxc3 Bd6 7. O-O Nf6 8.
e5 Bxe5 9. Nxe5 Nxe5 10. Re1 Qe7 11. f4 d6 12. fxe5 dxe5 13. Ba3 c5 14. Qe2 Nd7
15. Bb5 f6 16. Qc4 b6 17. Rd1 a6 18. Qd5 Ra7 19. Bc6 Qf7 20. Qd6 Qe7 21. Qb8
Rb7 22. Qxc8+ 1-0

[Event "Torneo de Otoño C.C.C. 2015"]
[Site "Colmenarejo ESP"]
[Date "2015.10.29"]
[Round "7.6"]
[White "Urruti Diaz, Anibal Agustin"]
[Black "Almodovar Manzanares, Vicente"]
[Result "1-0"]
[WhiteElo "1765"]
[BlackElo "1378"]
[PlyCount "97"]
[EventDate "2015.09.20"]
[EventType "swiss"]
[EventRounds "7"]
[EventCountry "ESP"]
[Source "lmi"]
[SourceDate "2015.09.20"]

1. e4 c5 2. Bc4 e6 3. Nc3 a6 4. a4 Nc6 5. Nf3 g6 6. d4 cxd4 7. Nxd4 Bg7 8. Nxc6
bxc6 9. Qd6 Qe7 10. Bf4 e5 11. Qxe7+ Nxe7 12. Be3 O-O 13. Rd1 Kh8 14. Bc5 Bf6
15. O-O Kg7 16. a5 Re8 17. Na4 d5 18. exd5 cxd5 19. Bxe7 dxc4 20. Bxf6+ Kxf6
21. Nb6 Rb8 22. Nxc4 Be6 23. Nd6 Red8 24. h3 Ke7 25. Ne4 Rb5 26. Rxd8 Kxd8 27.
Ra1 f5 28. c4 Rb4 29. Nc5 Bc8 30. f3 Kc7 31. Rb1 Kd6 32. Nd3 Rb7 33. b4 Be6 34.
Nc5 Rc7 35. Nxe6 Kxe6 36. b5 Rb7 37. Kf2 Kd6 38. Rd1+ Kc5 39. bxa6 Rb2+ 40. Kg3
Rb8 41. Rd5+ Kxc4 42. Rxe5 Ra8 43. Re6 Kb5 44. Kf4 Kxa5 45. Kg5 Ra7 46. h4 Kb5
47. h5 f4 48. hxg6 hxg6 49. Rxg6 1-0

[Event "Torneo de Otoño C.C.C. 2015"]
[Site "Colmenarejo ESP"]
[Date "2015.10.29"]
[Round "7.7"]
[White "Olmedo Alvarez, Jesus"]
[Black "Orta Vazquez, Mario"]
[Result "0-1"]
[WhiteElo "1598"]
[BlackElo "1409"]
[PlyCount "116"]
[EventDate "2015.09.20"]
[EventType "swiss"]
[EventRounds "7"]
[EventCountry "ESP"]
[Source "lmi"]
[SourceDate "2015.09.20"]

1. d4 Nf6 2. c4 e6 3. Nc3 b6 4. Nf3 Ba6 5. e3 Bb4 6. Qc2 d5 7. a3 Bxc3+ 8. Qxc3
Ne4 9. Qc2 Nd7 10. Bd3 Ndf6 11. Qa4+ b5 12. Qxa6 bxc4 13. Qc6+ Ke7 14. Bxe4
Nxe4 15. O-O Rb8 16. Qa4 Rb7 17. Bd2 Nxd2 18. Nxd2 Rxb2 19. Nxc4 dxc4 20. Qxc4
Qd6 21. Rfc1 Rc8 22. Qc5 Qxc5 23. Rxc5 Kd6 24. f4 f5 25. Rac1 Rb3 26. R1c3 Rxc3
27. Rxc3 Rb8 28. h3 Rb1+ 29. Kf2 h6 30. g4 g6 31. Rc5 c6 32. Ra5 Rb7 33. Kf3
Rf7 34. Rc5 Rb7 35. Rc1 Rb3 36. a4 Ra3 37. Rg1 Rxa4 38. g5 h5 39. Rb1 Kc7 40.
Re1 a5 41. Rd1 Kd6 42. Rb1 Rb4 43. Ra1 a4 44. Ke2 Kd5 45. Kd3 Rb3+ 46. Kc2 Rxe3
47. Rxa4 Re4 48. Ra7 Kxd4 49. Rg7 Rxf4 50. Rxg6 Rh4 51. Rxe6 Rxh3 52. g6 Rg3
53. Rxc6 h4 54. Ra6 h3 55. Ra4+ Ke5 56. Rh4 Kf6 57. g7 Rg2+ 58. Kd1 h2 0-1

[Event "Torneo de Otoño C.C.C. 2015"]
[Site "Colmenarejo ESP"]
[Date "2015.10.29"]
[Round "7.9"]
[White "Lucarelli, Leonardo"]
[Black "Rijpkema, Rimme"]
[Result "0-1"]
[WhiteElo "1552"]
[BlackElo "1586"]
[PlyCount "48"]
[EventDate "2015.09.20"]
[EventType "swiss"]
[EventRounds "7"]
[EventCountry "ESP"]
[Source "lmi"]
[SourceDate "2015.09.20"]

1. d4 e6 2. Nf3 b6 3. e3 Bb7 4. Nbd2 Nf6 5. Bd3 c5 6. c3 Nc6 7. O-O Be7 8. h3
O-O 9. Ne4 Rc8 10. Nxf6+ Bxf6 11. a3 d5 12. dxc5 bxc5 13. Re1 e5 14. e4 d4 15.
Bd2 Rc7 16. b4 dxc3 17. Bxc3 Rd7 18. Re3 c4 19. b5 Ne7 20. Nxe5 Bxe5 21. Bxe5
Ng6 22. Bg3 Rxd3 23. Qe2 Qd4 24. Rd1 Rxd1+ 0-1